Who's in the hall? : (Record no. 7777)
[ view plain ]
| 000 -LEADER | |
|---|---|
| fixed length control field | 00823nam a22002657a 4500 |
| 001 - CONTROL NUMBER | |
| control field | 7777 |
| 003 - CONTROL NUMBER IDENTIFIER | |
| control field | FISKH |
| 005 - DATE AND TIME OF LATEST TRANSACTION | |
| control field | 20250806080539.0 |
| 008 - FIXED-LENGTH DATA ELEMENTS--GENERAL INFORMATION | |
| fixed length control field | 250806b cb ||||| |||| 00| 0 eng d |
| 020 ## - INTERNATIONAL STANDARD BOOK NUMBER | |
| International Standard Book Number | 9780688162610 |
| 040 ## - CATALOGING SOURCE | |
| Original cataloging agency | FISKH |
| Language of cataloging | eng |
| Transcribing agency | FISKH |
| Modifying agency | FISKH |
| 050 ## - LIBRARY OF CONGRESS CALL NUMBER | |
| Classification number | PZ7.H3464 W |
| 082 ## - DEWEY DECIMAL CLASSIFICATION NUMBER | |
| Classification number | 813.54 |
| 100 ## - MAIN ENTRY--PERSONAL NAME | |
| Personal name | Hearne, Betsy |
| 245 ## - TITLE STATEMENT | |
| Title | Who's in the hall? : |
| Remainder of title | A mystery in four chapters / |
| 260 ## - PUBLICATION, DISTRIBUTION, ETC. | |
| Place of publication, distribution, etc. | Hong Kong : |
| Name of publisher, distributor, etc. | Harper Children, |
| Date of publication, distribution, etc. | 2000. |
| 300 ## - PHYSICAL DESCRIPTION | |
| Extent | 32 pages : |
| Other physical details | color illustrations ; |
| Dimensions | 26 cm |
| 505 ## - FORMATTED CONTENTS NOTE | |
| Formatted contents note | J<br/> |
| 520 ## - SUMMARY, ETC. | |
| Summary, etc. | Three children, two babysitters, two dogs, a rat, and a janitor finally get together and put an end to some confusion.<br/> |
| 521 8# - TARGET AUDIENCE NOTE | |
| Target audience note | 500<br/> |
| Source | Lexile<br/> |
| 521 8# - TARGET AUDIENCE NOTE | |
| Target audience note | J<br/> |
| Source | Raz-Plus<br/> |
| 650 ## - SUBJECT ADDED ENTRY--TOPICAL TERM | |
| Topical term or geographic name entry element | Mystery |
| Form subdivision | Non-fFiction |
| General subdivision | PetCare |
| 942 ## - ADDED ENTRY ELEMENTS (KOHA) | |
| Source of classification or shelving scheme | Dewey Decimal Classification |
| Koha item type | Books |
| Suppress in OPAC | No |
| Withdrawn status | Lost status | Source of classification or shelving scheme | Damaged status | Not for loan | Collection | Home library | Current library | Shelving location | Date acquired | Total Checkouts | Full call number | Barcode | Date last seen | Copy number | Price effective from | Koha item type |
|---|---|---|---|---|---|---|---|---|---|---|---|---|---|---|---|---|
| Dewey Decimal Classification | Juvenile Fiction | Footprints International School Library Network Toul Kork Campus | Footprints International School Library Network Toul Kork Campus | TK Primary Library Room(4th Floor), Bookcase 1&2, Shelves 1-16, Dark Blue Books | 08/06/2025 | HEA 813.54 PZ7.H3464 W | FISTK03996 | 08/06/2025 | 1 | 08/06/2025 | Books |
